01728cam a2200385 i 450000100090000000300100000900500170001900800410003602000250007702000220010204001060012408200190023010000450024924501350029425000190042926400490044826400100049730000490050733600260055633700280058233800270061050000960063750400520073350501890078565000290097465000300100365000200103365100100105365300210106365500170108470000350110194200230113699900170115995201660117617789433EG-ScBUE 20230531101357.0130624t2012 ohuco f b 001 0 eng d a9781440318719 (pbk.) a1440318719 (pbk.) aIEPbengerdacIEPdIEPdOCLCOdQBXdOCLCQdORXdUKMGBdYDXCPdBTCTAdBDXdDADdFOLLTdDLCdEG-ScBUE 04a745.5bMCE2221 aMcElroy, Darlene Olivia,eauthor.93816010aMixed media revolution :bcreative ideas and techniques for reusing your art /cby Darlene Olivia McElroy and Sandra Duran Wilson. aFirst edition. 1aBlue Ash, Ohio :bNorth Light Books,c[2012] 4cc2012 a144 pages :bphotographs, portraits ;c28 cm 2rdacontentatextbtxt 2rdamediaaunmediatedbn 2rdacarrieravolumebnc aReminder from cover: authors of "Image Transfer Workshop" and "Surface Treatment Workshop". aIncludes bibliographical references and index. 0 aRecycle, reuse -- Copy, scanning -- Create layers -- Morph it 00 Change of scale -- Loosen up -- Play with composition -- Fear no color -- Texture where you want it -- Everything else. 7aMixed media (Art)2BUEsh 7aHandicraft.2BUEsh919299 7aCollage.2BUEsh 2BUEsh bCOMAMEcJune2015 vReading book1 aWilson, Sandra Duran,eauthor. 2ddck745.5 MCEcBB c19610d19582 00102ddc40708AlahramaMAINbMAINc2NDd2015-06-11epurchaseg187.00h339l2m9o745.5 MCEp000038522r2025-07-15 00:00:00s2022-02-03v233.75w2015-06-11yBB